[Event "Asian Games tt (Women)"]
[Site "Hangzhou"]
[Date "2023.10.02"]
[Round "4.16"]
[White "Anoud, Eisa Bashkardi"]
[Black "Bayarmaa, Bayarjargal"]
[Result "0-1"]
[WhiteElo "1434"]
[BlackElo "2086"]
[PlyCount "74"]
[EventDate "2023.09.29"]
[EventType "team-tourn"]
[EventRounds "9"]
[EventCountry "CHN"]
[SourceTitle "EXT 2024"]
[Source "ChessBase"]
[SourceDate "2023.10.10"]
[SourceVersion "1"]
[SourceVersionDate "2023.10.10"]
[SourceQuality "1"]
[WhiteTeam "United Arab Emirates (W)"]
[BlackTeam "Mongolia (W)"]
[WhiteTeamCountry "UAE"]
[BlackTeamCountry "MGL"]

1. e4 c5 2. Nf3 d6 3. d4 cxd4 4. Nxd4 Nf6 5. Nc3 a6 6. h3 e6 7. g4 h6 8. Bg2 Nc6 9. Be3 Be7 10. Qd2 Bd7 11. f4 Qc7 12. 0-0-0 Rc8 13. Nxc6 Bxc6 14. g5 hxg5 15. fxg5 Nd7 16. Bf4 Ne5 17. Ne2 Bb5 18. Nd4 Nd3+ 19. Kb1 Nxf4 20. Qxf4 e5 21. Qf2 exd4 22. h4 0-0 23. Bh3 Bd7 24. Bg2 Be6 25. Qd2 Qc4 26. b3 Qc3 27. Rhf1 Bg4 28. Qxc3 dxc3 29. Rd4 Be6 30. Rb4 b5 31. Rd4 Rc5 32. Rfd1 g6 33. a4 bxa4 34. Rxa4 Bxb3 35. Rxa6 Rb8 36. Kc1 Be6 37. Ra3 Rxg5 0-1

[Event "Asian Games tt (Women)"]
[Site "Hangzhou"]
[Date "2023.09.29"]
[Round "1.24"]
[White "Bayarmaa, Bayarjargal"]
[Black "Liang, Liyun"]
[Result "1-0"]
[WhiteElo "2086"]
[BlackElo "1223"]
[PlyCount "59"]
[EventDate "2023.09.29"]
[EventType "team-tourn"]
[EventRounds "9"]
[EventCountry "CHN"]
[SourceTitle "EXT 2024"]
[Source "ChessBase"]
[SourceDate "2023.10.10"]
[SourceVersion "1"]
[SourceVersionDate "2023.10.10"]
[SourceQuality "1"]
[WhiteTeam "Mongolia (W)"]
[BlackTeam "Hong Kong (W)"]
[WhiteTeamCountry "MGL"]
[BlackTeamCountry "HKG"]

1. d4 d5 2. c4 e6 3. Nc3 Nf6 4. Bg5 Be7 5. e3 h6 6. Bh4 0-0 7. Nf3 Nbd7 8. Rc1 dxc4 9. Bxc4 c5 10. 0-0 a6 11. a4 b6 12. Qe2 Bb7 13. Rfd1 Nd5 14. Bg3 Qe8 15. Bd3 Nb4 16. Be4 Bxe4 17. Nxe4 cxd4 18. Nd6 Qd8 19. Nxd4 e5 20. N4f5 Bxd6 21. Rxd6 Qg5 22. Nxh6+ gxh6 23. Rxd7 Qf6 24. Qg4+ Qg5 25. Qxb4 Rab8 26. h3 h5 27. Rcc7 h4 28. Bxh4 Qf5 29. Be7 Rfc8 30. Qh4 1-0

[Event "Olympiad Women-44"]
[Site "Chennai"]
[Date "2022.08.01"]
[Round "4.2"]
[White "Balabayeva, Kseniya"]
[Black "Bayarmaa, Bayarjargal"]
[Result "1-0"]
[WhiteElo "2198"]
[BlackElo "2171"]
[PlyCount "111"]
[EventDate "2022.07.29"]
[EventType "team-swiss"]
[EventRounds "11"]
[EventCountry "IND"]
[SourceTitle "CBM 210"]
[Source "ChessBase"]
[SourceDate "2022.10.31"]
[SourceVersion "1"]
[SourceVersionDate "2022.10.31"]
[SourceQuality "1"]
[WhiteTeam "Kazakhstan (W)"]
[BlackTeam "Mongolia (W)"]
[WhiteTeamCountry "KAZ"]
[BlackTeamCountry "MGL"]

1. e4 c5 2. Nf3 d6 3. Bb5+ Bd7 4. Bxd7+ Qxd7 5. 0-0 Nc6 6. c3 Nf6 7. Qe2 e6 8. d4 cxd4 9. cxd4 d5 10. e5 Ne4 11. Nbd2 Nxd2 12. Bxd2 Be7 13. g3 0-0 14. Kg2 Rac8 15. Rad1 Bd8 16. h4 Re8 17. h5 h6 18. Bf4 Qe7 19. a3 Na5 20. Nh2 Rc6 21. Ng4 Qf8 22. Rd3 Be7 23. Rf3 Kh8 24. Rc1 Rxc1 25. Bxc1 Rc8 26. Bf4 a6 27. a4 Rc4 28. Qd2 Bb4 29. Qe3 Rc7 30. Qe2 Nc6 31. Qe3 Ne7 32. Qb3 Nf5 33. Rd3 Rc4 34. Qd1 Qc8 35. Ne3 Nxe3+ 36. Rxe3 Qc6 37. Rf3 Kg8 38. g4 Be7 39. Be3 Rxa4 40. g5 hxg5 41. Rg3 Kf8 42. Bxg5 Bxg5 43. Rxg5 Qc4 44. Rg4 Rb4 45. h6 gxh6 46. Qd2 Ke7 47. Qf4 Qc8 48. Qf6+ Kd7 49. Qxf7+ Kc6 50. Rg8 Qd7 51. Qf8 Kb5 52. Qc5+ Ka4 53. Rg3 Rb3 54. Qc2 Qb5 55. f4 a5 56. f5 1-0

[Event "Olympiad Women-44"]
[Site "Chennai"]
[Date "2022.07.31"]
[Round "3.2"]
[White "Krush, Irina"]
[Black "Bayarmaa, Bayarjargal"]
[Result "1/2-1/2"]
[WhiteElo "2430"]
[BlackElo "2171"]
[PlyCount "95"]
[EventDate "2022.07.29"]
[EventType "team-swiss"]
[EventRounds "11"]
[EventCountry "IND"]
[SourceTitle "CBM 210"]
[Source "ChessBase"]
[SourceDate "2022.10.31"]
[SourceVersion "1"]
[SourceVersionDate "2022.10.31"]
[SourceQuality "1"]
[WhiteTeam "United States (W)"]
[BlackTeam "Mongolia (W)"]
[WhiteTeamCountry "USA"]
[BlackTeamCountry "MGL"]

1. e4 c5 2. Nf3 d6 3. Bb5+ Bd7 4. Bxd7+ Qxd7 5. 0-0 Nc6 6. Re1 Nf6 7. c3 e6 8. d4 cxd4 9. cxd4 d5 10. e5 Ne4 11. Nbd2 Nxd2 12. Bxd2 Be7 13. Rc1 0-0 14. Rc3 Rfc8 15. a3 a6 16. h4 b5 17. Rd3 Qd8 18. Nh2 Ra7 19. Qg4 Kh8 20. Nf3 Qg8 21. Ng5 Bd8 22. Ree3 Ne7 23. Rf3 Nf5 24. Qf4 Qe8 25. g4 Nh6 26. Qg3 Rc2 27. b3 a5 28. Nh3 Ng8 29. h5 Be7 30. h6 Nxh6 31. Bxh6 gxh6 32. a4 bxa4 33. bxa4 Rac7 34. Qf4 Qf8 35. Qxf7 Qxf7 36. Rxf7 Kg8 37. Rff3 R2c4 38. Nf4 R7c6 39. Nh5 Rxa4 40. Nf6+ Kg7 41. Nh5+ Kg8 42. Nf6+ Kh8 43. Nh5 Kg8 44. Nf6+ Kg7 45. Nh5+ Kg8 46. Nf6+ Kg7 47. Nh5+ Kg8 48. Nf6+ 1/2-1/2

[Event "MGL-ch (Women)"]
[Site "Chinggis City"]
[Date "2022.05.22"]
[Round "10"]
[White "Munkhzul, Turmunkh"]
[Black "Bayarmaa, Bayarjargal"]
[Result "1/2-1/2"]
[WhiteElo "2294"]
[BlackElo "2124"]
[PlyCount "178"]
[EventDate "2022.05.12"]
[EventType "tourn"]
[EventRounds "11"]
[EventCountry "MGL"]
[SourceTitle "CBM 208 Extra"]
[Source "ChessBase"]
[SourceDate "2022.07.31"]
[SourceVersion "1"]
[SourceVersionDate "2022.07.31"]
[SourceQuality "1"]

1. e4 c5 2. Nf3 d6 3. Bb5+ Nd7 4. d4 cxd4 5. Qxd4 a6 6. Bxd7+ Qxd7 7. c4 e5 8. Qd3 Nf6 9. Nc3 Be7 10. Bg5 0-0 11. Rd1 b5 12. c5 b4 13. cxd6 Qxd6 14. Bxf6 Qxf6 15. Nd5 Qd6 16. Nd2 Bd8 17. Nc4 Qb8 18. 0-0 a5 19. Rc1 Be6 20. Nce3 Qa7 21. Rfd1 Rc8 22. Rxc8 Bxc8 23. Nxb4 axb4 24. Qxd8 Qxa2 25. Qe7 Qa5 26. Nd5 Qa4 27. Rc1 Be6 28. Qxb4 Ra8 29. Qxa4 Rxa4 30. Nc3 Rb4 31. Rd1 g6 32. Rd2 f5 33. exf5 gxf5 34. f3 Kf7 35. Kf2 h5 36. Ne2 Kf6 37. Nc3 Kg5 38. Nd1 Bb3 39. Ne3 h4 40. Re2 Rb5 41. Re1 f4 42. Nf1 Bc4 43. b4 Bd3 44. Rd1 Bf5 45. Re1 Kf6 46. h3 Rxb4 47. Nh2 Rb2+ 48. Kg1 Rb5 49. Ng4+ Ke6 50. Kh2 Bxg4 51. hxg4 Kf6 52. Kh3 Kg5 53. Re4 Rc5 54. Kh2 Rb5 55. Rc4 Rb2 56. Rc5 Re2 57. Ra5 Re1 58. Ra8 Re2 59. Re8 Re1 60. Rg8+ Kf6 61. Rh8 Kg5 62. Rh5+ Kg6 63. Rxh4 e4 64. Rh5 e3 65. Re5 Rf1 66. Re4 Kg5 67. Re6 Rf2 68. Kg1 Rb2 69. Re5+ Kg6 70. Re4 Rb1+ 71. Kh2 Rf1 72. Re8 Kg5 73. Re6 Rf2 74. Kg1 Rb2 75. g3 fxg3 76. Re5+ Kf6 77. Rxe3 Rf2 78. Ra3 Kg6 79. Ra6+ Kg7 80. Ra7+ Kg6 81. Ra3 Kf6 82. Ra8 Kg7 83. Ra3 Kf6 84. Re3 Kg6 85. Re6+ Kf7 86. Re3 Kg6 87. Re6+ Kf7 88. Re3 Kg6 89. Re6+ Kf7 1/2-1/2

[Event "MGL-ch (Women)"]
[Site "Chinggis City"]
[Date "2022.05.20"]
[Round "8"]
[White "Munguntuul, Batkhuyag"]
[Black "Bayarmaa, Bayarjargal"]
[Result "0-1"]
[WhiteElo "2443"]
[BlackElo "2124"]
[PlyCount "70"]
[EventDate "2022.05.12"]
[EventType "tourn"]
[EventRounds "11"]
[EventCountry "MGL"]
[SourceTitle "CBM 208 Extra"]
[Source "ChessBase"]
[SourceDate "2022.07.31"]
[SourceVersion "1"]
[SourceVersionDate "2022.07.31"]
[SourceQuality "1"]

1. e4 c5 2. Nf3 d6 3. d4 cxd4 4. Nxd4 Nf6 5. Nc3 a6 6. Nb3 Nbd7 7. g4 h6 8. Bg2 b5 9. h4 b4 10. Nd5 Nxd5 11. exd5 Ne5 12. f3 g6 13. a3 bxa3 14. Rxa3 Bg7 15. Na5 Qb6 16. Qe2 0-0 17. c4 Rb8 18. Kf1 Bd7 19. Bh3 g5 20. hxg5 hxg5 21. Rh2 Rfc8 22. b3 Qd4 23. Bxg5 Nxc4 24. Nxc4 Rxc4 25. Be3 Qc3 26. Bd2 Qb2 27. bxc4 Qxa3 28. g5 Bxh3+ 29. Rxh3 Rb1+ 30. Kg2 Rb2 31. Rh1 Qa2 32. Rd1 Bc3 33. Qxe7 Rxd2+ 34. Rxd2 Qxd2+ 35. Kh3 Be5 0-1

[Event "Online Olym Div Top-A"]
[Site "Chess.com INT"]
[Date "2021.09.10"]
[Round "8.5"]
[White "Zhang, Jilin"]
[Black "Bayarmaa, Bayarjargal"]
[Result "0-1"]
[WhiteElo "2245"]
[BlackElo "2124"]
[PlyCount "132"]
[EventDate "2021.09.08"]
[EventType "team (rapid)"]
[EventRounds "9"]
[EventCountry "USA"]
[SourceTitle "CBM 204 Extra"]
[Source "ChessBase"]
[SourceDate "2021.11.30"]
[SourceVersion "1"]
[SourceVersionDate "2021.11.30"]
[SourceQuality "1"]
[WhiteTeam "Australia"]
[BlackTeam "Mongolia"]
[WhiteTeamCountry "AUS"]
[BlackTeamCountry "MGL"]

1. e4 c5 2. Nf3 d6 3. d4 cxd4 4. Nxd4 Nf6 5. Nc3 a6 6. Be2 e6 7. 0-0 Nbd7 8. a4 b6 9. f3 Bb7 10. Be3 Be7 11. Qd2 0-0 12. Rfd1 Qc7 13. Kh1 Rfc8 14. Bf1 Ne5 15. Bg5 h6 16. Be3 Bf8 17. Rac1 Nc4 18. Bxc4 Qxc4 19. Nde2 b5 20. b3 Qb4 21. Bf4 d5 22. e5 Nd7 23. axb5 axb5 24. Qd3 Ba6 25. Ra1 Qc5 26. Be3 Nxe5 27. Qd2 Qc6 28. Bd4 Ng6 29. f4 b4 30. Na4 Bxe2 31. Qxe2 Qxc2 32. Rd2 Qxb3 33. Rb2 Qc4 34. Qd2 Rxa4 35. Rxa4 Qf1+ 36. Bg1 Rc1 37. Qf2 Qxf2 38. Rxf2 Bc5 39. Ra8+ Kh7 40. Rc8 b3 41. h3 b2 42. Rxb2 Rxg1+ 43. Kh2 Rc1 44. Rbb8 Nxf4 45. Kg3 Ne2+ 46. Kf3 Nd4+ 47. Kg4 Kg6 48. h4 h5+ 49. Kg3 Nf5+ 50. Kf3 Rc3+ 51. Ke2 Nxh4 52. Rb5 Bd4 53. Rxc3 Bxc3 54. Kf2 Bd4+ 55. Kg3 Nf5+ 56. Kf3 Bf6 57. Rb7 d4 58. Rd7 Ne7 59. Ra7 Nd5 60. Ke4 Ne3 61. Kf3 e5 62. Rd7 Ng4 63. Ke4 Bh4 64. Kf3 f5 65. Ra7 e4+ 66. Ke2 d3+ 0-1

[Event "Asia Nations online Cup (Women) final"]
[Site "Chess.com INT"]
[Date "2020.10.24"]
[Round "3.2"]
[White "Bayarmaa, Bayarjargal"]
[Black "Padmini, Rout"]
[Result "0-1"]
[WhiteElo "2124"]
[BlackElo "2370"]
[PlyCount "76"]
[EventDate "2020.10.23"]
[EventType "team-k.o. (rapid)"]
[EventRounds "6"]
[EventCountry "IND"]
[SourceTitle "CBM 199 Extra"]
[Source "ChessBase"]
[SourceDate "2021.01.31"]
[SourceVersion "1"]
[SourceVersionDate "2021.01.31"]
[SourceQuality "1"]
[WhiteTeam "Mongolia (W)"]
[BlackTeam "India (W)"]
[WhiteTeamCountry "MGL"]
[BlackTeamCountry "IND"]

1. d4 Nf6 2. c4 g6 3. Nc3 d5 4. Nf3 Bg7 5. Bg5 Ne4 6. cxd5 Nxg5 7. Nxg5 e6 8. Qd2 h6 9. Nh3 exd5 10. Nf4 0-0 11. e3 c6 12. Bd3 Nd7 13. 0-0 Nf6 14. b4 a6 15. a4 Bd7 16. b5 axb5 17. axb5 Rxa1 18. Rxa1 Re8 19. Qc2 g5 20. Nfe2 Bf8 21. h3 Bd6 22. Qb1 Bb8 23. Na4 Qc7 24. Ng3 Rxe3 25. b6 Qd6 26. Nf1 Re8 27. Nc5 Qf4 28. Qb2 Bc8 29. Qd2 Qd6 30. h4 Qf4 31. hxg5 hxg5 32. g3 Qxd2 33. Nxd2 Nd7 34. Nxd7 Bxd7 35. Nb3 Bd6 36. Ra7 Rb8 37. Kg2 Bc8 38. Ra1 Be7 0-1

[Event "Asia Nations online Cup (Women) final"]
[Site "Chess.com INT"]
[Date "2020.10.24"]
[Round "4.2"]
[White "Bhakti, Kulkarni"]
[Black "Bayarmaa, Bayarjargal"]
[Result "1-0"]
[WhiteElo "2391"]
[BlackElo "2124"]
[PlyCount "67"]
[EventDate "2020.10.23"]
[EventType "team-k.o. (rapid)"]
[EventRounds "6"]
[EventCountry "IND"]
[SourceTitle "CBM 199 Extra"]
[Source "ChessBase"]
[SourceDate "2021.01.31"]
[SourceVersion "1"]
[SourceVersionDate "2021.01.31"]
[SourceQuality "1"]
[WhiteTeam "India (W)"]
[BlackTeam "Mongolia (W)"]
[WhiteTeamCountry "IND"]
[BlackTeamCountry "MGL"]

1. d4 Nf6 2. Nf3 g6 3. Bg5 Bg7 4. Nbd2 0-0 5. c3 d6 6. e4 e5 7. dxe5 dxe5 8. Bc4 Qe7 9. 0-0 Rd8 10. Qe2 h6 11. Bxf6 Qxf6 12. Rfd1 Nc6 13. Nf1 Bg4 14. Ne3 Bxf3 15. Qxf3 Qxf3 16. gxf3 Kf8 17. a4 a5 18. Bd5 Rdb8 19. Bxc6 bxc6 20. Nc4 Bf6 21. Rd7 Ra7 22. Rad1 Re8 23. Nd6 Re7 24. Rd8+ Kg7 25. Ne8+ Rxe8 26. Rxe8 Rb7 27. Rd2 Bg5 28. Rc2 Bf4 29. Ra8 f5 30. Rxa5 Rb6 31. b4 Kf6 32. Ra7 c5 33. b5 Rd6 34. Ra6 1-0

[Event "Asia Nations online Cup (Women)"]
[Site "Chess.com INT"]
[Date "2020.10.19"]
[Round "7.2"]
[White "Bayarmaa, Bayarjargal"]
[Black "Alinasab, Mobina"]
[Result "1/2-1/2"]
[WhiteElo "2124"]
[BlackElo "2317"]
[PlyCount "109"]
[EventDate "2020.10.11"]
[EventType "team-swiss (rapid)"]
[EventRounds "9"]
[EventCountry "IND"]
[SourceTitle "CBM 198 Extra"]
[Source "ChessBase"]
[SourceDate "2020.11.30"]
[SourceVersion "1"]
[SourceVersionDate "2020.11.30"]
[SourceQuality "1"]
[WhiteTeam "Mongolia (W)"]
[BlackTeam "Iran (W)"]
[WhiteTeamCountry "MGL"]
[BlackTeamCountry "IRI"]

1. d4 Nf6 2. c4 e6 3. Nf3 b6 4. g3 Bb7 5. Bg2 Be7 6. Nc3 0-0 7. 0-0 Ne4 8. Qc2 Nxc3 9. bxc3 Nc6 10. Rb1 Na5 11. Qd3 Ba6 12. Nd2 d5 13. Re1 Nxc4 14. e4 Nxd2 15. Qxd2 Bc4 16. e5 c5 17. h4 cxd4 18. cxd4 Rc8 19. Re3 Qd7 20. Ba3 Rc7 21. h5 h6 22. g4 Rfc8 23. Bxe7 Qxe7 24. Rc3 Ba6 25. Rbc1 Rxc3 26. Rxc3 Rxc3 27. Qxc3 Bc4 28. Bf3 Qd7 29. Qa3 a5 30. Bd1 Qc7 31. Qc1 Qe7 32. a4 Qb4 33. Kg2 Bd3 34. Qe3 Ba6 35. Bc2 Qc4 36. Qd2 Qf1+ 37. Kf3 Qh3+ 38. Kf4 Qh2+ 39. Ke3 Qh3+ 40. Kf4 Qh4 41. Kf3 Qe7 42. Bb1 Qb4 43. Qc2 Bc4 44. Kg2 Kf8 45. Qh7 Ke7 46. Bc2 Qd2 47. Bg6 fxg6 48. Qxg7+ Kd8 49. Qf8+ Kc7 50. Qd6+ Kb7 51. Qd7+ Kb8 52. Qd8+ Kb7 53. Qd7+ Kb8 54. Qd6+ Kb7 55. Qd7+ 1/2-1/2

[Event "Eastern Asia-ch zt 3.3 (Women)"]
[Site "Ulaanbaatar"]
[Date "2019.04.15"]
[Round "9"]
[White "Bayarmaa, Bayarjargal"]
[Black "Pham, Bich Ngoc"]
[Result "1-0"]
[WhiteElo "2147"]
[BlackElo "2160"]
[PlyCount "129"]
[EventDate "2019.04.07"]
[EventType "swiss"]
[EventRounds "9"]
[EventCountry "MGL"]
[SourceTitle "CBM 189 Extra"]
[Source "ChessBase"]
[SourceDate "2019.06.03"]
[SourceVersion "1"]
[SourceVersionDate "2019.06.03"]
[SourceQuality "1"]

1. e4 c5 2. Nf3 Nc6 3. d4 cxd4 4. Nxd4 g6 5. c4 Bg7 6. Be3 Nf6 7. Nc3 0-0 8. Be2 d6 9. 0-0 Bd7 10. Qd2 Nxd4 11. Bxd4 Bc6 12. f3 a5 13. b3 Nd7 14. Be3 Nc5 15. Rab1 Qb6 16. Kh1 Qb4 17. Rfc1 Rfc8 18. Qe1 Qa3 19. Qd2 Qb4 20. Bg5 Bxc3 21. Qxc3 Qxc3 22. Rxc3 Bxe4 23. fxe4 Nxe4 24. Rg3 Nxg3+ 25. hxg3 f6 26. Be3 Kf7 27. Bf3 Rc7 28. a4 e6 29. Rd1 Ke7 30. Kg1 Rd7 31. Kf2 h5 32. Rd2 f5 33. Bg5+ Kf7 34. Ke3 Ra6 35. Kd4 e5+ 36. Kc3 e4 37. Be2 Rc6 38. Rd5 b6 39. Be3 Ke6 40. b4 Rb7 41. bxa5 bxa5 42. Rb5 Rxb5 43. axb5 Rc8 44. Bd1 Kd7 45. b6 Kc6 46. Ba4+ Kb7 47. Bd7 Rf8 48. Be6 h4 49. c5 dxc5 50. Bxc5 Rd8 51. gxh4 Kc6 52. Bd4 a4 53. h5 e3 54. hxg6 Rxd4 55. Kxd4 e2 56. g7 e1Q 57. g8Q Qe4+ 58. Kc3 Qe3+ 59. Kc2 Qe2+ 60. Kb1 a3 61. Qc8+ Kxb6 62. Qd8+ Kb5 63. Qd5+ Kb6 64. Qd6+ Kb7 65. Bd5+ 1-0

[Event "World Amateur-ch U2300"]
[Site "Cagliari"]
[Date "2018.04.29"]
[Round "9"]
[White "Bayarmaa, Bayarjargal"]
[Black "Amer, Said Salim Al Maash"]
[Result "0-1"]
[WhiteElo "2226"]
[BlackElo "2016"]
[PlyCount "98"]
[EventDate "2018.04.22"]
[EventType "swiss"]
[EventRounds "9"]
[EventCountry "ITA"]
[SourceTitle "CBM 184 Extra"]
[Source "ChessBase"]
[SourceDate "2018.06.28"]
[SourceVersion "1"]
[SourceVersionDate "2018.06.28"]
[SourceQuality "1"]

1. d4 Nf6 2. c4 e6 3. Nf3 b6 4. g3 Bb7 5. Bg2 g6 6. 0-0 Bg7 7. Nc3 Ne4 8. Qc2 Nxc3 9. bxc3 0-0 10. Rb1 d6 11. h4 Nd7 12. h5 Nf6 13. h6 Bh8 14. Nh4 Bxg2 15. Nxg2 e5 16. Bg5 Qc8 17. dxe5 dxe5 18. Rfd1 Qh3 19. Ne3 Ng4 20. Nxg4 Qxg4 21. Qd2 Qxc4 22. Rb4 Qe6 23. e4 Bf6 24. Bxf6 Qxf6 25. Qe3 Rfd8 26. Rbb1 g5 27. Kg2 Qxh6 28. Rh1 Qg7 29. Rbd1 h6 30. Qf3 Qg6 31. Qg4 Qf6 32. Rd5 c6 33. Rd7 Rxd7 34. Qxd7 Rd8 35. Qxa7 c5 36. Qa6 Rd2 37. Rf1 Qc6 38. Re1 Kg7 39. Re2 Rd1 40. Qc4 b5 41. Qb3 Qd7 42. Rb2 Qd3 43. Qxb5 Qxe4+ 44. f3 Qe1 45. g4 Qg1+ 46. Kh3 Qh1+ 47. Kg3 Qh4+ 48. Kg2 Rh1 49. f4 e4 0-1

[Event "Baghdad op 6th"]
[Site "Baghdad"]
[Date "2018.03.18"]
[Round "8"]
[White "Bayarmaa, Bayarjargal"]
[Black "Zaibi, Amir"]
[Result "0-1"]
[WhiteElo "2222"]
[BlackElo "2389"]
[PlyCount "58"]
[EventDate "2018.03.14"]
[EventType "swiss"]
[EventRounds "9"]
[EventCountry "IRQ"]
[SourceTitle "CBM 183 Extra"]
[Source "ChessBase"]
[SourceDate "2018.04.19"]
[SourceVersion "1"]
[SourceVersionDate "2018.04.19"]
[SourceQuality "1"]

1. d4 d5 2. c4 e6 3. Nc3 c6 4. Nf3 dxc4 5. e4 b5 6. a4 Bb4 7. Qc2 Bb7 8. Be2 a6 9. 0-0 Nd7 10. Bd2 Be7 11. e5 Nh6 12. Bxh6 gxh6 13. Qd2 Bf8 14. Qf4 Nb6 15. d5 Nxd5 16. Nxd5 cxd5 17. axb5 axb5 18. Nd4 Bg7 19. Rxa8 Bxa8 20. Nxe6 fxe6 21. Ra1 Bb7 22. Bh5+ Kd7 23. Ra7 Kc8 24. Qf7 Qc7 25. Qxe6+ Kb8 26. Rxb7+ Qxb7 27. Qd6+ Qc7 28. Qxd5 Qxe5 29. Qd1 Qd4 0-1

[Event "Baghdad op 6th"]
[Site "Baghdad"]
[Date "2018.03.15"]
[Round "3"]
[White "Bayarmaa, Bayarjargal"]
[Black "Karpatchev, Aleksandr"]
[Result "1/2-1/2"]
[WhiteElo "2222"]
[BlackElo "2478"]
[PlyCount "77"]
[EventDate "2018.03.14"]
[EventType "swiss"]
[EventRounds "9"]
[EventCountry "IRQ"]
[SourceTitle "CBM 183 Extra"]
[Source "ChessBase"]
[SourceDate "2018.04.19"]
[SourceVersion "1"]
[SourceVersionDate "2018.04.19"]
[SourceQuality "1"]

1. d4 d5 2. c4 dxc4 3. Nf3 e6 4. Nc3 a6 5. a4 Nc6 6. e3 Na5 7. Ne5 c5 8. Bxc4 Nf6 9. 0-0 Qc7 10. b3 b6 11. Bb2 Bb7 12. Qe2 Be7 13. Rfd1 0-0 14. Rac1 Rad8 15. Qe1 Qb8 16. f3 Nd5 17. Ne4 cxd4 18. Bxd4 f6 19. Nd3 Kh8 20. Kh1 Nxc4 21. bxc4 e5 22. cxd5 exd4 23. Nf4 Bxd5 24. Nxd5 Rxd5 25. exd4 a5 26. Rc6 Bb4 27. Qe2 h6 28. Qa6 Rh5 29. h3 Qf4 30. Qd3 f5 31. Nd2 Bxd2 32. Rxd2 Re8 33. Re2 Rd8 34. Qc4 Kh7 35. d5 Qg3 36. Qd3 Qf4 37. Qc4 Qg3 38. Qd3 Qf4 39. Qc4 1/2-1/2

[Event "Moscow op-B (Women) 14th"]
[Site "Moscow"]
[Date "2018.02.04"]
[Round "9"]
[White "Kovanova, Baira"]
[Black "Bayarmaa, Bayarjargal"]
[Result "1-0"]
[WhiteElo "2373"]
[BlackElo "2222"]
[PlyCount "73"]
[EventDate "2018.01.27"]
[EventType "swiss"]
[EventRounds "9"]
[EventCountry "RUS"]
[SourceTitle "CBM 182 Extra"]
[Source "ChessBase"]
[SourceDate "2018.02.23"]
[SourceVersion "1"]
[SourceVersionDate "2018.02.23"]
[SourceQuality "1"]

1. d4 Nf6 2. Nf3 g6 3. c4 Bg7 4. Nc3 0-0 5. Bf4 d6 6. e3 Bg4 7. Be2 Nbd7 8. h3 Bxf3 9. Bxf3 e5 10. Bh2 c6 11. 0-0 Qe7 12. Rc1 Nb6 13. Be2 Nfd7 14. b4 Kh8 15. Qd2 Rad8 16. Rfd1 f5 17. a4 Qf7 18. Qa2 Na8 19. b5 Nc7 20. Bf3 Nb8 21. bxc6 bxc6 22. c5 Ne6 23. cxd6 exd4 24. Ne2 dxe3 25. fxe3 Qe8 26. d7 Nxd7 27. Bxc6 g5 28. Kh1 Rf7 29. Rd6 Nef8 30. Rcd1 Re7 31. Nd4 Rxe3 32. Nxf5 Re1+ 33. Bg1 Rxd1 34. Rxd1 Be5 35. Nd6 Bxd6 36. Rxd6 Qe1 37. Qb2+ 1-0